export_success — 

Les dolmens : sociétés néolithiques, pratiques funéraires : les sépultures collectives d'Europe occidentale /

Saved in:
Bibliographic Details
Main Author: Masset, Claude.
Format: Book
Language:French
Published: Paris : Errance, c1997.
Edition:2. éd.
Series:Collection des Hespérides.
Subjects:
Tags: Add Tag
No Tags, Be the first to tag this record!
LEADER 01070nam a2200313 a 4500
001 007899208-7
005 20020606104010.5
008 971212s1997 fr ab b 001 0 fre d
020 |a 2877721418 
020 |a 2877721426 
035 0 |a ocm38075109 
040 |a FNU  |b fre  |c FNU  |d TOZ 
043 |a ew----- 
090 |a GN776.F8  |f MAS 
100 1 |a Masset, Claude. 
245 1 4 |a Les dolmens :  |b sociétés néolithiques, pratiques funéraires : les sépultures collectives d'Europe occidentale /  |c Claude Masset. 
250 |a 2. éd. 
260 |a Paris :  |b Errance,  |c c1997. 
300 |a 175 p. :  |b ill., maps ;  |c 24 cm. 
490 1 |a Collection des Hespérides,  |x 0982-2720 
504 |a Includes bibliographical references (p. 165-168) and index. 
650 0 |a Dolmens  |z Europe, Western. 
650 0 |a Neolithic period  |z Europe, Western. 
650 0 |a Burial  |z Europe, Western. 
650 0 |a Human remains (Archaeology)  |z Europe, Western. 
651 0 |a Europe, Western  |x Antiquities. 
830 0 |a Collection des Hespérides.  |x 0982-2720 
988 |a 20020608 
906 |0 OCLC